[Event "Agios Nikolaos op 3rd"]
[Site "Agios Ioannis"]
[Date "2019.08.30"]
[Round "6"]
[White "Iasman, Inna"]
[Black "Koutsourakis, Emmanouil"]
[Result "1-0"]
[WhiteElo "1815"]
[BlackElo "1145"]
[PlyCount "61"]
[EventDate "2019.08.26"]
[EventType "swiss"]
[EventRounds "9"]
[EventCountry "GRE"]
[SourceTitle "EXT 2020"]
[Source "ChessBase"]
[SourceDate "2019.10.17"]
[SourceVersion "1"]
[SourceVersionDate "2019.10.17"]
[SourceQuality "1"]

1. d4 d5 2. c4 e6 3. Nf3 Nf6 4. Nc3 dxc4 5. e3 Be7 6. Bxc4 0-0 7. 0-0 c6 8. e4 h6 9. e5 Nd5 10. Ne4 Nd7 11. a3 c5 12. dxc5 Nxc5 13. Nxc5 Bxc5 14. Qe2 Qc7 15. Bd2 Rd8 16. Rac1 a5 17. Bxd5 Rxd5 18. b4 axb4 19. axb4 Bxf2+ 20. Qxf2 Qd7 21. Be3 b5 22. Bb6 Qe7 23. Ba5 Rd7 24. Rc5 Rb8 25. Nd4 Qe8 26. Rfc1 Rd5 27. Nxb5 Rxc5 28. Qxc5 Qd7 29. Nd6 Ba6 30. Qc7 Rd8 31. Qxd8+ 1-0

[Event "Heraklion op 21st"]
[Site "Heraklion"]
[Date "2017.09.07"]
[Round "6"]
[White "Kealar, Konstantinos"]
[Black "Koutsourakis, Emmanouil"]
[Result "0-1"]
[WhiteElo "1310"]
[BlackElo "1169"]
[PlyCount "120"]
[EventDate "2017.09.03"]
[EventType "swiss"]
[EventRounds "9"]
[EventCountry "GRE"]
[SourceTitle "CBM 180 Extra"]
[Source "ChessBase"]
[SourceDate "2017.10.06"]
[SourceVersion "1"]
[SourceVersionDate "2017.10.06"]
[SourceQuality "1"]

1. d4 d5 2. c4 e6 3. Nf3 dxc4 4. Nc3 Nf6 5. Bf4 b6 6. e3 Bb7 7. Bxc4 Nh5 8. Bg3 Nxg3 9. hxg3 Be7 10. Qc2 h6 11. Bd3 Nd7 12. Bc4 Nf6 13. 0-0-0 Qc8 14. d5 exd5 15. Nxd5 Nxd5 16. Bxd5 Bxd5 17. Rxd5 0-0 18. Ne5 Qe6 19. Rhd1 c6 20. Nxc6 Rac8 21. Kb1 Rxc6 22. Qa4 a5 23. Rd7 Rd6 24. R1xd6 Bxd6 25. Qc6 Bc5 26. Qc7 Qe4+ 27. Kc1 Qc4+ 28. Kb1 Qf1+ 29. Kc2 Qxf2+ 30. Rd2 Qf5+ 31. Kb3 Bxe3 32. Rc2 Qb5+ 33. Kc3 Qc5+ 34. Kd3 Qxc7 35. Rxc7 Bc5 36. a3 f6 37. Rb7 Rd8+ 38. Ke2 Kh7 39. b4 axb4 40. axb4 Bxb4 41. Rxb6 Bd6 42. Kf3 Be5 43. Rb3 Kg6 44. Ra3 Rc8 45. Ke4 Rc3 46. Ra2 Rxg3 47. Rc2 Kg5 48. Ra2 Kg4 49. Ra7 Rxg2 50. Rxg7+ Kh3 51. Rh7 Rg4+ 52. Kf5 Rg5+ 53. Ke4 h5 54. Ra7 h4 55. Ra3+ Kh2 56. Ra2+ Rg2 57. Ra3 h3 58. Rf3 Rg4+ 59. Kd5 Kg2 60. Re3 h2 0-1

[Event "Heraklio SOI op 11th"]
[Site "Heraklion"]
[Date "2014.04.21"]
[Round "1"]
[White "Koutsourakis, Emmanouil"]
[Black "Maris, Ioannis"]
[Result "0-1"]
[WhiteElo "1110"]
[BlackElo "1991"]
[PlyCount "44"]
[EventDate "2014.04.21"]
[EventType "swiss"]
[EventRounds "7"]
[EventCountry "GRE"]
[SourceTitle "EXT 2024"]
[Source "ChessBase"]
[SourceDate "2023.10.10"]
[SourceVersion "1"]
[SourceVersionDate "2023.10.10"]
[SourceQuality "1"]

1. e4 c5 2. Nf3 g6 3. d4 cxd4 4. Qxd4 Nf6 5. Nc3 Nc6 6. Qd1 Bg7 7. Bc4 0-0 8. 0-0 d6 9. Be3 Bd7 10. Qd2 Ng4 11. Bf4 Rc8 12. h3 Nge5 13. Nxe5 Nxe5 14. Bb3 Rc5 15. Bh6 Bxh3 16. Bxg7 Nf3+ 17. gxf3 Kxg7 18. Rfe1 Rh5 19. Ne2 e5 20. Ng3 Qh4 21. Nxh5+ gxh5 22. Re3 Qg5+ 0-1